Statistiken für Die drei Fragezeichen - alle Covers

Klicken Sie hier um das Quiz zu spielen!

Allgemein

  • Dieses Quiz wurde 28 mal gespielt
  • Das Durchschnittsergebnis liegt bei 118 aus 226

Antwortstatistiken

Antwort% Korrekt
und der Höhlenmensch
92%
und der rote Pirat
92%
und die schwarze Katze
92%
und die silberne Spinne
92%
und der Ameisenmensch
83%
und der Doppelgänger
83%
und der grüne Geist
83%
und der Phantomsee
83%
und der rasende Löwe
83%
und der schrullige Millionär
83%
und der Super-Papagei
83%
und der Teufelsberg
83%
und die flammende Spur
83%
Die blutenden Bilder
75%
Feuermond
75%
Geheimakte Ufo
75%
Gift per E-Mail
75%
Labyrinth der Götter
75%
Pistenteufel
75%
Poltergeist
75%
Rufmord
75%
Schatten über Hollywood
75%
Schwarze Madonna
75%
Skateboardfieber
75%
Todesflug
75%
und das Aztekenschwert
75%
und das brennende Schwert
75%
und das Gespensterschloss
75%
und das Hexen-Handy
75%
und das Riff der Haie
75%
und der Eisenmann
75%
und der giftige Gockel
75%
und der lachende Schatten
75%
und der seltsame Wecker
75%
und der Super-Wal
75%
und der weinende Sarg
75%
und die Musikpiraten
75%
und die Perlenvögel
75%
und die Zeitreisende
75%
Wolfsgesicht
75%
Zwillinge der Finsternis
75%
Das Erbe des Meisterdiebes
67%
Der Feuerteufel
67%
Der Mann ohne Kopf
67%
Die sieben Tore
67%
Dopingmixer
67%
GPS-Gangster
67%
Insektenstachel
67%
SMS aus dem Grab
67%
Stadt der Vampire
67%
und das Bergmonster
67%
und der Automarder
67%
und der Fluch des Rubins
67%
und der heimliche Hehler
67%
und der höllische Werwolf
67%
und der sprechende Totenkopf
67%
und der tanzende Teufel
67%
und der Zauberspiegel
67%
und die bedrohte Ranch
67%
und die Comic-Diebe
67%
und die flüsternde Mumie
67%
und die Silbermine
67%
und die singende Schlange
67%
Vampir im Internet
67%
Botschaft aus der Unterwelt
58%
Codename: Cobra
58%
Das schwarze Monster
58%
Der finstere Rivale
58%
Der gefiederte Schrecken
58%
Der geheime Schlüssel
58%
Der namenlose Gegner
58%
Der Nebelberg
58%
Der schwarze Skorpion
58%
Der tote Mönch
58%
Die Höhle des Grauens
58%
Die Originalmusik
58%
Die Spur des Spielers
58%
Feuerturm
58%
Giftiges Wasser
58%
Höhenangst
58%
Im Bann des Voodoo
58%
Im Schatten des Giganten
58%
Nacht der Tiger
58%
Nacht in Angst
58%
Panik im Park
58%
Schüsse aus dem Dunkel
58%
Schwarze Sonne
58%
Späte Rache
58%
Spuk im Hotel
58%
Toteninsel
58%
und das Geisterschiff
58%
und das Gold der Wikinger
58%
und das Narbengesicht
58%
und das Volk der Winde
58%
und der Geisterzug
58%
und der Karpatenhund
58%
und der magische Kreis
58%
und der Meister des Todes
58%
und der Mottenmann
58%
und der verrückte Maler
58%
und die flüsternden Puppen
58%
und die Poker-Hölle
58%
und die rätselhaften Bilder
58%
und die Schattenmänner
58%
Das Auge des Drachens
50%
Das Geheimnis der Diva
50%
Das leere Grab
50%
Der Knochenmann
50%
Diamantenschmuggel
50%
Die Karten des Bösen
50%
Die Spur des Raben
50%
Doppelte Täuschung
50%
Fußballteufel
50%
Gefahr im Verzug
50%
Geister-Canyon
50%
Geisterstadt
50%
Im Haus des Henkers
50%
Im Netz des Drachens
50%
Insel des Vergessens
50%
Meuterei auf hoher See
50%
Musik des Teufels
50%
Pfad der Angst
50%
Schattenwelt
50%
Stimmen aus dem Nichts
50%
Tatort Zirkus
50%
Tödliche Spur
50%
und das blaue Biest
50%
und das Geheimnis der Särge
50%
und das silberne Amulett
50%
und das versunkene Dorf
50%
und der gestohlene Sieg
50%
und der grüne Kobold
50%
und der riskante Ritt
50%
und der Schatz der Mönche
50%
und der schreiende Nebel
50%
und der unheimliche Drache
50%
und der verschollene Pilot
50%
und der verschwundene Filmstar
50%
und die Automafia
50%
und die brennende Stadt
50%
und die gefährliche Erbschaft
50%
und die gefährlichen Fässer
50%
und die Geisterinsel
50%
und die Rache des Tigers
50%
Villa der Toten
50%
Angriff der Computer-Viren
42%
Dämon der Rache
42%
Das Kabinett des Zauberers
42%
Das weiße Grab
42%
Der Biss der Bestie
42%
Der Fluch der Medusa
42%
Die falschen Detektive
42%
Die geheime Treppe
42%
Die verschwundene Seglerin
42%
Dreckiger Deal
42%
Fels der Dämonen
42%
Feuriges Auge
42%
Fluch des Piraten
42%
Fußballfieber
42%
Fußball-Gangster
42%
Gefährliches Quiz
42%
Geheimnisvolle Botschaften
42%
Gekaufte Spieler
42%
Grusel auf Campbell Castle
42%
Im Zeichen der Schlange
42%
Schrecken aus dem Moor
42%
Spuk im Netz
42%
Spur ins Nichts
42%
Straße des Grauens
42%
Tödliches Eis
42%
und das Phantom aus dem Meer
42%
und der Feuergeist
42%
und der Hexengarten
42%
und der letzte Song
42%
und der rote Rächer
42%
und der Schatz im Bergsee
42%
und der verschwundene Schatz
42%
und die Fußball-Falle
42%
Verbrechen im Nichts
42%
Verdeckte Fouls
42%
Der Geist des Goldgräbers
33%
Der Kristallschädel
33%
Der Puppenmacher
33%
Die Yacht des Verrats
33%
Geisterbucht
33%
Haus des Schreckens
33%
Im Netz der Lügen
33%
Kreaturen der Nacht
33%
Manuskript des Satans
33%
Schlucht der Dämonen
33%
Tal des Schreckens
33%
Tauchgang ins Ungewisse
33%
und das Fußballphantom
33%
und das Tuch der Toten
33%
und der gestohlene Preis
33%
und der Jadekönig
33%
und der Mann ohne Augen
33%
und der unsichtbare Gegner
33%
und der unsichtbare Passagier
33%
und die Kammer der Rätsel
33%
Auf tödlichem Kurs
25%
Botschaft von Geisterhand
25%
Das düstere Vermächtnis
25%
Das rätselhafte Erbe
25%
Der Fluch des Drachen
25%
Der weiße Leopard
25%
Die Legende der Gaukler
25%
Die Rache des Untoten
25%
Die Spur der Toten
25%
Die verlorene Zeit
25%
Geheimnis des Bauchredners
25%
Im Bann des Drachens
25%
Signale aus dem Jenseits
25%
und die Rache der Samurai
25%
und die schweigende Grotte
25%
Der dunkle Wächter
17%
Die Schwingen des Unheils
17%
Im Auge des Sturms
17%
Kelch des Schicksals
17%
und der Geisterbunker
17%
und die feurige Stadt
17%
und die Teufelsklippe
17%
Die Gesetzlosen
8%
Im Reich der Ungeheuer
8%
Im Wald der Gefahren
8%
Schrecken der Tiefe
8%

Verteilung der Resultate

Perzentil nach korrekt beantworteten Fragen

Anzahl Personen mit jedem Resultat

Ihre Resultats-Entwicklung

Sie haben dieses Quiz noch nicht gespielt